| 000 | 00683aam a2200277 4500 | ||
|---|---|---|---|
| 005 | 20251103144721.0 | ||
| 008 | 150617b2004 xxu||||| |||| 00| 0 spa d | ||
| 020 | _a9875170607 | ||
| 041 | _aESP | ||
| 082 | _a363.25 S586e | ||
| 100 |
_aSilveyra, Jorge Omar _9102 |
||
| 245 | _aLa escena del crimen | ||
| 260 | _aArgentina | ||
| 260 | _bLa Rocca | ||
| 260 | _c2004 | ||
| 300 | _a239 páginas | ||
| 490 | _aInvestigación Criminal | ||
| 650 | _aCRIMINALÍSTICA | ||
| 650 | _aESCENA DEL CRIMEN | ||
| 650 | _aDOCUMENTOLOGÍA | ||
| 650 | _aBALÍSTICA FORENSE | ||
| 650 | _aDACTILOSCOPIA | ||
| 650 | _aADN | ||
| 650 | _aELEMENTOS PILOSOS | ||
| 942 |
_cBK _2ddc |
||
| 999 |
_c1372 _d1372 |
||